[Event "Stavanger op"]
[Site "Stavanger"]
[Date "2018.10.11"]
[Round "2"]
[White "Melkevik, Egil"]
[Black "Hoyvik, Lasse"]
[Result "1/2-1/2"]
[WhiteElo "1768"]
[BlackElo "1603"]
[PlyCount "92"]
[EventDate "2018.10.10"]
[EventType "swiss"]
[EventRounds "9"]
[EventCountry "NOR"]
[SourceTitle "CBM 186 Extra"]
[Source "ChessBase"]
[SourceDate "2018.08.24"]
[SourceVersion "1"]
[SourceVersionDate "2018.08.24"]
[SourceQuality "1"]

1. d4 Nf6 2. Bf4 d5 3. e3 Bf5 4. c4 e6 5. Qb3 Qc8 6. Nc3 c6 7. Nf3 h6 8. Rc1 Be7 9. cxd5 Nxd5 10. Nxd5 exd5 11. Bd3 Bxd3 12. Qxd3 Nd7 13. 0-0 0-0 14. h3 Re8 15. Qf5 Nf6 16. Qxc8 Raxc8 17. Ne5 Rcd8 18. Rc3 Ne4 19. Rc2 Bg5 20. Bh2 a5 21. Nf3 Be7 22. Bc7 Ra8 23. Rfc1 Bd6 24. Bxd6 Nxd6 25. Ne5 Re7 26. a4 g5 27. g4 Kg7 28. Kg2 Rae8 29. Rc5 Ra8 30. h4 Ne4 31. R5c2 Nd6 32. hxg5 hxg5 33. Rh1 f6 34. Nd3 Ne4 35. Rcc1 Rae8 36. Rh3 Rh8 37. Rxh8 Kxh8 38. Nc5 Nd6 39. Rh1+ Kg7 40. Nd3 Nc4 41. Rd1 Kf7 42. b3 Nd6 43. Rc1 Re8 44. Rc5 Ra8 45. f3 Ke6 46. Rc1 Kf7 1/2-1/2

[Event "NOR-ch Class4"]
[Site "Stavanger"]
[Date "2017.07.03"]
[Round "3"]
[White "Hoyvik, Lasse"]
[Black "Moe, Gunnar A"]
[Result "1-0"]
[WhiteElo "1100"]
[BlackElo "1200"]
[PlyCount "33"]
[EventDate "2017.07.01"]
[EventType "swiss"]
[EventRounds "9"]
[EventCountry "NOR"]
[SourceTitle "EXT 2024"]
[Source "ChessBase"]
[SourceDate "2023.10.10"]
[SourceVersion "1"]
[SourceVersionDate "2023.10.10"]
[SourceQuality "1"]

1. e4 e5 2. Nc3 Nf6 3. f4 Nc6 4. fxe5 Nxe5 5. d4 Nc6 6. e5 Ng8 7. Nf3 h6 8. Bd3 d6 9. 0-0 Bg4 10. h3 Be6 11. d5 Bxh3 12. dxc6 Bg4 13. Bb5 b6 14. Bc4 Be6 15. Bxe6 fxe6 16. Nd4 Ke7 17. Qg4 1-0